=LDR 00000nam 2200000 4500 =001 INLIS000000000046783 =005 20160614144643.0 =006 =007 =008 =020 ##$$a 979-3002-14-X =035 ##$$0010-051500000000042 =082 ##$$a 2X2.21-aSQ-F =100 ##$$a Ibnu Hajar Al sqalani =245 ##$$a Fathul Baari =250 ##$$a Cet. 1 =260 ##$$a Jakarta $b Maktabah Darussalam $c 2004 =300 ##$$a xii, 472 Hlm $c 23 Cm =850 ##$$aNBPNMAT =990 ##$$a 0001/BPAP-NTB/20142015 =990 ##$$a 0001/BPAP-NTB/20142015 =990 ##$$a 0001/BPAP-NTB/20142015 =990 ##$$a 2090100516/BPAP-NTB/2015 =990 ##$$a 2090100517/BPAP-NTB/2015